000 00219nam a22000857a 4500
008 170620b xxu||||| |||| 00| 0 eng d
100 _93536
_aDahanukar. U. T. S
245 _aA Drog is born
260 _aNew Delhi
_bN. B. T
_c2007
999 _c6921
_d6921